[Event "DEN-chT 1819 57th"]
[Site "Denmark"]
[Date "2018.10.27"]
[Round "1.3"]
[White "Haubro, Sigfred"]
[Black "Pedersen, Jan Rode"]
[Result "1-0"]
[WhiteElo "2130"]
[BlackElo "2177"]
[PlyCount "71"]
[EventDate "2018.10.27"]
[EventType "team-tourn"]
[EventRounds "9"]
[EventCountry "DEN"]
[SourceTitle "CBM 187 Extra"]
[Source "ChessBase"]
[SourceDate "2018.11.04"]
[SourceVersion "1"]
[SourceVersionDate "2018.11.04"]
[SourceQuality "1"]
[WhiteTeam "BMS"]
[BlackTeam "Skanderborg Nordea"]
[WhiteTeamCountry "DEN"]
[BlackTeamCountry "DEN"]

1. Nf3 Nf6 2. b3 e6 3. Bb2 b6 4. e3 Bb7 5. Be2 Be7 6. 0-0 0-0 7. d4 d6 8. c4 Nbd7 9. Nbd2 Ne4 10. Nxe4 Bxe4 11. Nd2 Bb7 12. Qc2 d5 13. e4 Bb4 14. exd5 exd5 15. Nf3 Bd6 16. Ne5 dxc4 17. Bxc4 Nxe5 18. dxe5 Qg5 19. f4 Bc5+ 20. Kh1 Qg4 21. Bd3 h5 22. Bh7+ Kh8 23. Be4 Bxe4 24. Qxe4 Rad8 25. Bc3 a5 26. Rf3 Rd7 27. h3 Qh4 28. Raf1 Rfd8 29. Be1 Qe7 30. f5 Rd4 31. Qe2 Bb4 32. f6 gxf6 33. Rxf6 R8d7 34. Qxh5+ Kg8 35. Qg5+ Kf8 36. e6 1-0

[Event "DEN-chT 1617 55th"]
[Site "Denmark"]
[Date "2016.10.30"]
[Round "2.2"]
[White "Pedersen, Jan Rode"]
[Black "Thogersen, Rasmus"]
[Result "1/2-1/2"]
[WhiteElo "2197"]
[BlackElo "2122"]
[PlyCount "100"]
[EventDate "2016.10.29"]
[EventType "team-tourn"]
[EventRounds "9"]
[EventCountry "DEN"]
[SourceTitle "EXT 2018"]
[Source "ChessBase"]
[SourceDate "2017.10.13"]
[SourceVersion "1"]
[SourceVersionDate "2017.10.13"]
[SourceQuality "1"]
[WhiteTeam "Skanderborg Nordea"]
[BlackTeam "Jetsmark"]
[WhiteTeamCountry "DEN"]
[BlackTeamCountry "DEN"]

1. e4 c5 2. Nf3 d6 3. Bb5+ Bd7 4. Bxd7+ Qxd7 5. c4 Nf6 6. Nc3 g6 7. d4 cxd4 8. Nxd4 Bg7 9. f3 0-0 10. 0-0 Rc8 11. b3 d5 12. e5 Ne8 13. Nxd5 e6 14. Nf4 Bxe5 15. Nfe2 Rd8 16. Be3 Nc6 17. Nxc6 Qxc6 18. Qc2 Bxa1 19. Rxa1 e5 20. Nc3 Rd7 21. Qe2 Nc7 22. Rd1 Rxd1+ 23. Qxd1 b5 24. c5 b4 25. Ne4 f5 26. Nd6 Qd5 27. Qxd5+ Nxd5 28. Bg5 Kg7 29. Kf1 h6 30. Bd2 a5 31. Ke2 Kf6 32. Kd3 Ke6 33. Kc4 Nc3 34. a4 g5 35. Nb5 Nd5 36. Nd6 Nc3 37. Nb5 Nd5 38. Nd6 Rb8 39. g4 fxg4 40. fxg4 Nb6+ 41. cxb6 Kxd6 42. Kb5 Rf8 43. Be3 Rf7 44. Kxa5 Kc6 45. Ka6 e4 46. a5 Rd7 47. Bf2 Rd8 48. Ka7 Rd7+ 49. Ka6 Re7 50. Be3 Re8 1/2-1/2

[Event "DEN-chT 1516 54th"]
[Site "Denmark"]
[Date "2015.12.06"]
[Round "3"]
[White "Pedersen, Jan Rode"]
[Black "Klawitter, Harald"]
[Result "1-0"]
[WhiteElo "2202"]
[BlackElo "2120"]
[PlyCount "127"]
[EventDate "2015.10.31"]
[EventType "team-tourn"]
[EventRounds "9"]
[EventCountry "DEN"]
[SourceTitle "CBM 170 Extra"]
[Source "ChessBase"]
[SourceDate "2016.02.25"]
[SourceVersion "1"]
[SourceVersionDate "2016.02.25"]
[SourceQuality "1"]
[WhiteTeam "Skanderborg Nordea"]
[BlackTeam "Bov"]
[WhiteTeamCountry "DEN"]
[BlackTeamCountry "DEN"]

1. e4 e6 2. d4 d5 3. Nd2 Nf6 4. e5 Nfd7 5. Ngf3 b6 6. c3 Be7 7. Bd3 Ba6 8. Bxa6 Nxa6 9. Qe2 Nab8 10. 0-0 Qc8 11. Nb3 Qa6 12. Qc2 h6 13. Bf4 c5 14. Nbd2 Nc6 15. Nb3 Rc8 16. Rfe1 cxd4 17. Nbxd4 Nb4 18. Qd2 Nd3 19. Red1 Nxf4 20. Qxf4 Nc5 21. Qg4 0-0 22. h3 Kh8 23. Ne1 g6 24. Nec2 Nd3 25. Qe2 Nc5 26. Qe3 Kg7 27. Nb4 Qb7 28. Qe2 Rfd8 29. Nd3 Nxd3 30. Rxd3 a6 31. Qg4 Qd7 32. h4 h5 33. Qf4 Rf8 34. Re1 Bc5 35. Ne2 b5 36. Ng3 Rh8 37. Ne4 Be7 38. Nf6 Qd8 39. Rf3 Bxf6 40. exf6+ Kf8 41. b3 Qc7 42. Qb4+ Qc5 43. Qa5 Ke8 44. Qxa6 Kd7 45. a4 bxa4 46. Qxa4+ Qc6 47. Qa3 Qc5 48. b4 Qb5 49. Rf4 Rc7 50. c4 dxc4 51. Rd4+ Kc8 52. Rc1 Kb7 53. Qf3+ Kb6 54. Rd6+ Rc6 55. Qe3+ Kc7 56. Rxc6+ Kxc6 57. Qe4+ Qd5 58. Rxc4+ Kb6 59. Qe3+ Kb7 60. Rc5 Qd1+ 61. Kh2 Qd6+ 62. g3 Ra8 63. Qf3+ Kb8 64. Rb5+ 1-0

[Event "EU-ch Seniors 65 15th"]
[Site "Eretria"]
[Date "2015.05.02"]
[Round "4"]
[White "Pedersen, Jan Rode"]
[Black "Vasiukov, Evgeni"]
[Result "0-1"]
[WhiteElo "2208"]
[BlackElo "2414"]
[PlyCount "80"]
[EventDate "2015.04.29"]
[EventType "swiss"]
[EventRounds "9"]
[EventCountry "GRE"]
[SourceTitle "CBM 166 Extra"]
[Source "ChessBase"]
[SourceDate "2015.06.18"]
[SourceVersion "1"]
[SourceVersionDate "2015.06.18"]
[SourceQuality "1"]

1. e4 c5 2. Nf3 Nc6 3. d4 cxd4 4. Nxd4 Qb6 5. Nb3 Nf6 6. Be3 Qc7 7. Nc3 e6 8. Bd3 Bb4 9. Bd2 a6 10. 0-0 b6 11. Qe2 0-0 12. Rae1 d6 13. f4 Bxc3 14. Bxc3 e5 15. Bc4 Bg4 16. Qe3 exf4 17. Qxf4 Ne5 18. Bd5 Rae8 19. Qg3 Nxd5 20. exd5 Bh5 21. Bxe5 Rxe5 22. Rxe5 dxe5 23. Nd4 Rd8 24. Rf5 Rxd5 25. Rxh5 Rxd4 26. Rxe5 Rd1+ 27. Kf2 Qxc2+ 28. Re2 Qf5+ 29. Qf3 Qxf3+ 30. Kxf3 Kf8 31. Re3 Rf1+ 32. Ke2 Rf5 33. Ra3 a5 34. Rb3 b5 35. Re3 Rd5 36. Re4 f6 37. Re3 Re5 38. Rxe5 fxe5 39. Ke3 Ke7 40. Ke4 Ke6 0-1

[Event "DEN-ch Seniors 65"]
[Site "Randers"]
[Date "2015.02.13"]
[Round "7"]
[White "Sloth, Jorn"]
[Black "Pedersen, Jan Rode"]
[Result "1/2-1/2"]
[WhiteElo "2310"]
[BlackElo "2248"]
[PlyCount "29"]
[EventDate "2015.02.07"]
[EventType "swiss"]
[EventRounds "7"]
[EventCountry "DEN"]
[SourceTitle "EXT 2016"]
[Source "ChessBase"]
[SourceDate "2015.10.08"]
[SourceVersion "1"]
[SourceVersionDate "2015.10.08"]
[SourceQuality "1"]

1. Nf3 c5 2. b3 Nc6 3. Bb2 d6 4. c4 e5 5. Nc3 Nf6 6. e3 Be7 7. Be2 0-0 8. 0-0 Rb8 9. d3 a6 10. Nd5 Be6 11. Nxe7+ Qxe7 12. Qc2 Bf5 13. Nd2 b5 14. a3 Rfc8 15. Rac1 1/2-1/2

[Event "DEN-chT 1415 53rd"]
[Site "Denmark"]
[Date "2014.12.14"]
[Round "3.8"]
[White "Bindzus, Niels"]
[Black "Pedersen, Jan Rode"]
[Result "1/2-1/2"]
[WhiteElo "2182"]
[BlackElo "2195"]
[PlyCount "59"]
[EventDate "2014.10.25"]
[EventType "team-tourn"]
[EventRounds "9"]
[EventCountry "DEN"]
[SourceTitle "EXT 2016"]
[Source "ChessBase"]
[SourceDate "2015.10.08"]
[SourceVersion "1"]
[SourceVersionDate "2015.10.08"]
[SourceQuality "1"]
[WhiteTeam "Copenhagen 68"]
[BlackTeam "Skanderborg Nordea"]
[WhiteTeamCountry "DEN"]
[BlackTeamCountry "DEN"]

1. e4 e5 2. Bc4 Nc6 3. Nf3 Nf6 4. d4 exd4 5. 0-0 Nxe4 6. Re1 d5 7. Bxd5 Qxd5 8. Nc3 Qa5 9. Nxe4 Be6 10. Neg5 0-0-0 11. Nxe6 fxe6 12. Rxe6 Qf5 13. Qe2 Bd6 14. Bg5 Rdf8 15. Re1 Qd5 16. Qe4 Qxe4 17. R6xe4 Rf5 18. Bh4 Rc5 19. R1e2 Ra5 20. a3 Rb5 21. b4 a5 22. Nxd4 Nxd4 23. Rxd4 axb4 24. axb4 Bxb4 25. g4 Bd6 26. Kg2 Re5 27. Rxe5 Bxe5 28. Re4 Bd6 29. Bg3 Kd7 30. h4 1/2-1/2

[Event "Aalborg Larsen Memorial"]
[Site "Aalborg"]
[Date "2014.10.15"]
[Round "3"]
[White "Pedersen, Jan Rode"]
[Black "Davidsen, Niels Chr"]
[Result "1/2-1/2"]
[WhiteElo "2195"]
[BlackElo "2016"]
[PlyCount "108"]
[EventDate "2014.10.13"]
[EventType "swiss"]
[EventRounds "7"]
[EventCountry "DEN"]
[SourceTitle "EXT 2015"]
[Source "ChessBase"]
[SourceDate "2014.11.20"]
[SourceVersion "1"]
[SourceVersionDate "2014.11.20"]
[SourceQuality "1"]

1. e4 c5 2. Nf3 Nc6 3. d4 cxd4 4. Nxd4 Nf6 5. Nc3 e5 6. Ndb5 d6 7. Bg5 a6 8. Na3 b5 9. Bxf6 gxf6 10. Nd5 Bg7 11. c3 0-0 12. Nc2 f5 13. exf5 Bxf5 14. Nce3 Be6 15. a4 bxa4 16. Rxa4 a5 17. Bb5 Ne7 18. 0-0 Nxd5 19. Nxd5 Qg5 20. h4 Qd8 21. Qd2 f5 22. Be2 Rc8 23. h5 h6 24. Rfa1 f4 25. Bf3 Rc5 26. c4 Bf5 27. Re1 Kh8 28. Nc3 Qb6 29. Be4 Bd7 30. Rea1 Qd8 31. R4a3 Bg4 32. f3 Bxh5 33. b3 Bf6 34. Rd1 Be7 35. Nd5 Rg8 36. Nxe7 Qxe7 37. Qxd6 Qg5 38. Ra2 Rcc8 39. Rad2 Rce8 40. Qc7 Rg7 41. Qxa5 Reg8 42. Qb6 Bg6 43. Re1 Qh4 44. Qf2 Qh5 45. Bd5 Bf7 46. Bxf7 Rxf7 47. Qc5 Rf5 48. Qe7 Rfg5 49. Qf6+ R8g7 50. Qc6 Qh3 51. Rd8+ Kh7 52. Qe4+ R7g6 53. Qb7+ Rg7 54. Qe4+ R7g6 1/2-1/2

[Event "EU-Cup 29th"]
[Site "Rhodes"]
[Date "2013.10.23"]
[Round "4.3"]
[White "Riff, Vincent"]
[Black "Pedersen, Jan Rode"]
[Result "1/2-1/2"]
[WhiteElo "2335"]
[BlackElo "2219"]
[PlyCount "96"]
[EventDate "2013.10.20"]
[EventType "team-swiss"]
[EventRounds "7"]
[EventCountry "GRE"]
[SourceTitle "CBM 157"]
[Source "ChessBase"]
[SourceDate "2013.11.12"]
[SourceVersion "1"]
[SourceVersionDate "2013.11.12"]
[SourceQuality "1"]
[WhiteTeam "Reichenstein"]
[BlackTeam "Skanderborg Nordea"]
[WhiteTeamCountry "SUI"]
[BlackTeamCountry "DEN"]

1. d4 Nf6 2. Nf3 e6 3. c4 Bb4+ 4. Nbd2 b6 5. g3 Bb7 6. Bg2 0-0 7. 0-0 Bxd2 8. Qxd2 d6 9. b4 a5 10. b5 Nbd7 11. Bb2 Rb8 12. Rfd1 Qe7 13. Rac1 Ne4 14. Qe3 f5 15. c5 bxc5 16. dxc5 Ndxc5 17. Nd4 e5 18. Nf3 f4 19. gxf4 Rxf4 20. Nxe5 dxe5 21. f3 Rbf8 22. Ba3 Qf6 23. Bxc5 Nxc5 24. Rxc5 e4 25. Rxc7 exf3 26. exf3 Bxf3 27. Rf1 Qg6 28. Qb3+ Kh8 29. Rxf3 Qb6+ 30. Qe3 Qxc7 31. b6 Qd6 32. Rxf4 Rxf4 33. h3 h6 34. b7 Rb4 35. Qe8+ Kh7 36. Be4+ g6 37. Qf7+ Kh8 38. Qf2 Kg7 39. Qc2 Qb6+ 40. Kh1 Rb2 41. Qc3+ Kh7 42. Qc8 Qd6 43. Bxg6+ Kxg6 44. Qg8+ Kf5 45. Qg4+ Kf6 46. Qh4+ Ke5 47. Qg3+ Ke6 48. Qg6+ Ke5 1/2-1/2

[Event "EU-Cup 29th"]
[Site "Rhodes"]
[Date "2013.10.20"]
[Round "1.3"]
[White "Pedersen, Jan Rode"]
[Black "Koch, Thomas"]
[Result "0-1"]
[WhiteElo "2219"]
[BlackElo "2437"]
[PlyCount "99"]
[EventDate "2013.10.20"]
[EventType "team-swiss"]
[EventRounds "7"]
[EventCountry "GRE"]
[SourceTitle "CBM 157"]
[Source "ChessBase"]
[SourceDate "2013.11.12"]
[SourceVersion "1"]
[SourceVersionDate "2013.11.12"]
[SourceQuality "1"]
[WhiteTeam "Skanderborg Nordea"]
[BlackTeam "Eynatten"]
[WhiteTeamCountry "DEN"]
[BlackTeamCountry "BEL"]

1. e4 c5 2. Nf3 d6 3. d4 cxd4 4. Nxd4 Nf6 5. Nc3 a6 6. a4 Nc6 7. Be2 e6 8. 0-0 Be7 9. Be3 0-0 10. Kh1 Qc7 11. f4 Re8 12. Bg1 Bd7 13. Nxc6 Bxc6 14. Bd3 Rac8 15. Qf3 e5 16. fxe5 dxe5 17. Nd5 Bxd5 18. exd5 Bc5 19. Bf5 Rcd8 20. Rad1 Bxg1 21. Rxg1 e4 22. Qb3 Re5 23. d6 Qc6 24. Bh3 Rxd6 25. Rxd6 Qxd6 26. Qe3 Rd5 27. Re1 Rd2 28. Bf5 Qd5 29. Qc3 g6 30. Bxe4 Nxe4 31. Rxe4 Qxe4 32. Qxd2 Qxa4 33. h3 Qa1+ 34. Kh2 Qxb2 35. Qd8+ Kg7 36. Qc7 h5 37. c3 Qb5 38. Qd6 a5 39. Qd4+ Kh7 40. Qf4 Qd7 41. g4 hxg4 42. hxg4 b5 43. Kg3 Qd5 44. Qc7 a4 45. Qe7 Kg7 46. Qb4 Qc4 47. Qb2 Qb3 48. Qd2 b4 49. Qd4+ Kh7 50. Qd2 0-1

[Event "North Sea Cup 23th"]
[Site "Esbjerg"]
[Date "2008.07.18"]
[Round "10"]
[White "Grove, Peter"]
[Black "Pedersen, Jan Rode"]
[Result "1-0"]
[WhiteElo "2109"]
[BlackElo "2206"]
[PlyCount "86"]
[EventDate "2008.07.11"]
[EventType "swiss"]
[EventRounds "10"]
[EventCountry "DEN"]
[SourceTitle "CBM 125 Extra"]
[Source "ChessBase"]
[SourceDate "2008.09.01"]
[SourceVersion "1"]
[SourceVersionDate "2008.09.01"]
[SourceQuality "1"]

1. Nf3 Nf6 2. g3 b6 3. Bg2 Bb7 4. 0-0 e6 5. d3 d5 6. c3 Nbd7 7. Qc2 Bd6 8. Nbd2 0-0 9. e4 h6 10. Re1 dxe4 11. dxe4 Ng4 12. Nc4 Bc5 13. Ne3 Nxe3 14. Bxe3 Bxe3 15. Rxe3 Qe7 16. e5 Rad8 17. b4 c5 18. a3 Nb8 19. b5 Rd7 20. Nd2 Bxg2 21. Kxg2 Rfd8 22. Nc4 Rd5 23. Qe4 Qc7 24. a4 Nd7 25. Re2 Re8 26. f4 Rd8 27. Ne3 Nf8 28. Nxd5 exd5 29. Qf3 Ne6 30. h4 g6 31. f5 Ng7 32. fxg6 fxg6 33. Qf6 d4 34. cxd4 cxd4 35. Rf1 d3 36. Rd2 Re8 37. Qxg6 Rxe5 38. Qxd3 Qb7+ 39. Qf3 Qe7 40. Rdf2 Qc5 41. Qf8+ Kh7 42. Qxc5 Rxc5 43. Rf7 Kg6 1-0

[Event "North Sea Cup 23th"]
[Site "Esbjerg"]
[Date "2008.07.15"]
[Round "7"]
[White "Pedersen, Jan Rode"]
[Black "Lauritsen, Martin Lee"]
[Result "1-0"]
[WhiteElo "2206"]
[BlackElo "2063"]
[PlyCount "97"]
[EventDate "2008.07.11"]
[EventType "swiss"]
[EventRounds "10"]
[EventCountry "DEN"]
[SourceTitle "CBM 125 Extra"]
[Source "ChessBase"]
[SourceDate "2008.09.01"]
[SourceVersion "1"]
[SourceVersionDate "2008.09.01"]
[SourceQuality "1"]

1. e4 c5 2. Nf3 e6 3. d4 cxd4 4. Nxd4 a6 5. c4 Nf6 6. Bd3 Be7 7. 0-0 d6 8. Nc3 0-0 9. Be3 Nbd7 10. f3 Qc7 11. Rc1 b6 12. Qd2 Bb7 13. Qf2 Rac8 14. Rfd1 Ne5 15. Bf1 Nfd7 16. h3 Ba8 17. b4 Qb7 18. Na4 Rb8 19. Nb3 Rfc8 20. c5 dxc5 21. bxc5 bxc5 22. Naxc5 Nxc5 23. Nxc5 Bxc5 24. Bxc5 Ng6 25. Rd6 Rc6 26. Qd4 Re8 27. Rd8 Rc8 28. Bf8 e5 29. Rcxc8 exd4 30. Rxe8 h5 31. Rxa8 Kh7 32. Bc5 Qb2 33. Red8 Qxa2 34. Rxa6 Qd2 35. Bxd4 Qg5 36. Rd5 Qh6 37. Raa5 Nf4 38. Rf5 Qd6 39. Be3 Nxh3+ 40. gxh3 Qg3+ 41. Kh1 Qe1 42. Rxh5+ Kg6 43. Rag5+ Kf6 44. Bd4+ Ke6 45. Rg1 Qd2 46. Rd5 g6 47. Bg2 Qf4 48. Ra1 Ke7 49. Be5 1-0

[Event "North Sea Cup 22nd"]
[Site "Esbjerg"]
[Date "2007.07.17"]
[Round "7"]
[White "Pedersen, Jan Rode"]
[Black "Weindl, Alfred"]
[Result "1-0"]
[WhiteElo "2215"]
[BlackElo "2361"]
[PlyCount "91"]
[EventDate "2007.07.13"]
[EventType "swiss"]
[EventRounds "10"]
[EventCountry "DEN"]
[SourceTitle "CBM 119 Extra"]
[Source "ChessBase"]
[SourceDate "2007.09.04"]
[SourceVersion "1"]
[SourceVersionDate "2007.09.04"]
[SourceQuality "1"]

1. e4 c5 2. Nf3 Nc6 3. Bb5 g6 4. c3 Bg7 5. Qe2 e5 6. 0-0 Nge7 7. d3 0-0 8. Ne1 a6 9. Bxc6 Nxc6 10. Be3 b6 11. Nd2 d5 12. exd5 Qxd5 13. Nc4 Rb8 14. f4 Be6 15. fxe5 Nxe5 16. Bf4 Bg4 17. Qf2 Rb7 18. Ne3 Qd7 19. Qg3 Be2 20. Rf2 Nxd3 21. Rxe2 Nxf4 22. Qxf4 Re8 23. Rf2 Qe6 24. N1c2 Rbe7 25. Qc4 Qc8 26. Nd5 Re4 27. Qd3 c4 28. Qf3 f5 29. Nf4 Qc5 30. Kf1 Bh6 31. g3 Bg7 32. Rd1 Qb5 33. Na3 Qa4 34. Rfd2 Qc6 35. Nd5 Kh8 36. Nc2 f4 37. g4 R4e5 38. Re1 Rxe1+ 39. Nxe1 h6 40. Re2 Rf8 41. Qe4 g5 42. Ne7 Qxe4 43. Rxe4 Rd8 44. Ke2 b5 45. Nf5 Bf8 46. Nf3 1-0

[Event "North Sea Cup 22nd"]
[Site "Esbjerg"]
[Date "2007.07.16"]
[Round "6"]
[White "Simonsen, Per"]
[Black "Pedersen, Jan Rode"]
[Result "0-1"]
[WhiteElo "2023"]
[BlackElo "2215"]
[PlyCount "87"]
[EventDate "2007.07.13"]
[EventType "swiss"]
[EventRounds "10"]
[EventCountry "DEN"]
[SourceTitle "CBM 119 Extra"]
[Source "ChessBase"]
[SourceDate "2007.09.04"]
[SourceVersion "1"]
[SourceVersionDate "2007.09.04"]
[SourceQuality "1"]

1. d4 Nf6 2. c4 e6 3. Nc3 Bb4 4. Bg5 h6 5. Bh4 b6 6. Nf3 Bb7 7. Nd2 c5 8. a3 Bxc3 9. bxc3 d6 10. f3 Nbd7 11. e4 0-0 12. Bd3 Qe7 13. Qe2 g5 14. Bf2 e5 15. h4 Kg7 16. d5 Rh8 17. h5 Ne8 18. g4 Ndf6 19. Nf1 Bc8 20. Ng3 Nc7 21. Be3 Bd7 22. a4 Rhb8 23. Kf2 Kh7 24. Rhb1 Qe8 25. Bc2 a6 26. Qd2 Qe7 27. Ra2 Rb7 28. Rab2 Rab8 29. a5 b5 30. Ba4 Bc8 31. Bb3 Qd8 32. Ba2 Bd7 33. Kg2 Nfe8 34. Kf2 Ng7 35. Rb3 Nce8 36. Ra3 b4 37. cxb4 cxb4 38. Rab3 Qxa5 39. Bxg5 hxg5 40. Qxg5 Qxa2+ 41. R1b2 Qa5 42. h6 Qd8 43. Qd2 Qh4 44. Rb1 0-1

[Event "DEN-ch cand"]
[Site "Aalborg"]
[Date "2006.04.13"]
[Round "3"]
[White "Nguyen, Michael"]
[Black "Pedersen, Jan Rode"]
[Result "0-1"]
[WhiteElo "2007"]
[BlackElo "2212"]
[PlyCount "42"]
[EventDate "2006.04.11"]
[EventType "swiss"]
[EventRounds "7"]
[EventCountry "DEN"]
[SourceTitle "EXT 2018"]
[Source "ChessBase"]
[SourceDate "2017.10.13"]
[SourceVersion "1"]
[SourceVersionDate "2017.10.13"]
[SourceQuality "1"]

1. c4 Nf6 2. g3 e5 3. Bg2 Nc6 4. Nc3 Be7 5. e3 0-0 6. Nge2 d6 7. d4 exd4 8. exd4 Bf5 9. 0-0 Qd7 10. Nf4 Rfe8 11. Re1 Nb4 12. Re2 Bg4 13. f3 Bf5 14. a3 Nc6 15. g4 Nxg4 16. Rxe7 Qxe7 17. fxg4 Qh4 18. Bd2 Bxg4 19. Be1 Qg5 20. Qd2 Bf3 21. Nfd5 Rxe1+ 0-1

[Event "Hastings Masters op 81st"]
[Site "Hastings"]
[Date "2006.01.06"]
[Round "10"]
[White "Pedersen, Jan Rode"]
[Black "Sugden, John N"]
[Result "0-1"]
[WhiteElo "2238"]
[BlackElo "2160"]
[PlyCount "134"]
[EventDate "2005.12.28"]
[EventType "swiss"]
[EventRounds "10"]
[EventCountry "ENG"]
[SourceTitle "CBM 110 Extra"]
[Source "ChessBase"]
[SourceDate "2006.03.10"]
[SourceVersion "2"]
[SourceVersionDate "2006.03.10"]
[SourceQuality "1"]

1. e4 c5 2. Nf3 e6 3. d4 cxd4 4. Nxd4 a6 5. Bd3 b5 6. Nc3 Bb7 7. a3 Qc7 8. 0-0 Nf6 9. Qe2 Nc6 10. Nxc6 Qxc6 11. f4 d5 12. exd5 Nxd5 13. Be4 Bc5+ 14. Kh1 0-0 15. Qd3 f5 16. Bf3 Qd6 17. Bd2 Rad8 18. Rae1 Qb6 19. Qe2 Rfe8 20. Nxd5 Bxd5 21. b4 Bd4 22. Bxd5 Rxd5 23. c4 bxc4 24. Qxc4 Qb5 25. Qb3 Bf6 26. Bc1 Qd3 27. Qa2 Rc8 28. Qe2 Qxe2 29. Rxe2 e5 30. fxe5 Bxe5 31. g3 g6 32. Kg2 Bf6 33. Re6 Rc2+ 34. Kh1 Bb2 35. Bh6 Bxa3 36. Re8+ Kf7 37. Rf8+ Ke6 38. Re1+ Kd7 39. Rf7+ Kc6 40. Re6+ Kb5 41. Rb7+ Ka4 42. Re1 Bxb4 43. Ra1+ Ba3 44. Bf8 Rc1+ 45. Rxc1 Bxc1 46. Rxh7 Ba3 47. Bh6 Re5 48. Bf4 Re6 49. Kg2 a5 50. h4 Bd6 51. Bg5 Kb5 52. h5 gxh5 53. Rxh5 Kc4 54. Bd8 a4 55. Rxf5 Rg6 56. Bh4 a3 57. Ra5 Bb4 58. Ra8 Kb3 59. Bd8 a2 60. Bc7 Bc3 61. Kf3 a1Q 62. Rxa1 Bxa1 63. Ke4 Kc4 64. Kf5 Rg7 65. Bf4 Kd5 66. g4 Rf7+ 67. Kg5 Ke6 0-1

[Event "North Sea Cup 20th"]
[Site "Esbjerg"]
[Date "2005.07.05"]
[Round "5"]
[White "Pedersen, Jan Rode"]
[Black "Hornsgaard, Jens Boe"]
[Result "1/2-1/2"]
[WhiteElo "2239"]
[BlackElo "2050"]
[PlyCount "139"]
[EventDate "2005.07.02"]
[EventType "swiss"]
[EventRounds "9"]
[EventCountry "DEN"]
[SourceTitle "CBM 107 Extra"]
[Source "ChessBase"]
[SourceDate "2005.09.01"]
[SourceVersion "1"]
[SourceVersionDate "2005.09.01"]
[SourceQuality "1"]

1. e4 e5 2. Nf3 Nc6 3. d4 exd4 4. Nxd4 Nf6 5. Nxc6 bxc6 6. e5 Qe7 7. Qe2 Nd5 8. c4 Ba6 9. Qe4 Nf6 10. Qe2 Nd5 11. Nd2 g6 12. Qe4 Nb6 13. b3 Bg7 14. Bb2 d5 15. Qe3 0-0 16. cxd5 Bxf1 17. Kxf1 cxd5 18. Rc1 Rfe8 19. Nf3 Rac8 20. g3 c5 21. Ba3 Qb7 22. Kg2 d4 23. Qd3 Nd7 24. Rhe1 Nxe5 25. Qe4 Qb5 26. Qd5 Red8 27. Rxc5 Rxd5 28. Rxc8+ Bf8 29. Bxf8 f6 30. Rec1 Nxf3 31. Kxf3 d3 32. R1c7 Re5 33. Be7+ Kf7 34. Bd6+ Ke6 35. Bxe5 fxe5 36. Rc6+ Kf5 37. g4+ Kg5 38. Rc5 Qb7+ 39. Ke3 Qd7 40. R8c7 Qd4+ 41. Kd2 Qxf2+ 42. Kxd3 Qxh2 43. Rxa7 Kxg4 44. a4 Qb2 45. Rc3 e4+ 46. Kc4 Qe2+ 47. Kd4 Qf2+ 48. Re3 Qf6+ 49. Kxe4 Qe6+ 50. Kd3 Qxb3+ 51. Ke2 Qc2+ 52. Ke1 h5 53. Rae7 Kf4 54. a5 Qb1+ 55. Kf2 Qa2+ 56. Re2 Qxa5 57. Rf7+ Kg5 58. Rfe7 Qc5+ 59. Kg2 Qd5+ 60. Kh2 Qd6+ 61. Kg2 h4 62. R7e5+ Kf6 63. R5e3 g5 64. Rf2+ Kg6 65. Rfe2 Qd5+ 66. Kh2 g4 67. Re5 g3+ 68. Kh3 Qh1+ 69. Kg4 Qb7 70. Rg5+ 1/2-1/2

[Event "Helsinge op"]
[Site "Helsinge"]
[Date "2003.11.15"]
[Round "1"]
[White "Pedersen, Jan Rode"]
[Black "Hartung Nielsen, Jens"]
[Result "0-1"]
[WhiteElo "2189"]
[BlackElo "2209"]
[PlyCount "148"]
[EventDate "2003.11.15"]
[EventType "swiss"]
[EventRounds "2"]
[EventCountry "DEN"]
[SourceTitle "EXT 2008"]
[Source "ChessBase"]
[SourceDate "2007.11.25"]
[SourceVersion "1"]
[SourceVersionDate "2007.11.25"]
[SourceQuality "1"]

1. e4 c5 2. Nc3 Nc6 3. Nf3 g6 4. d4 cxd4 5. Nxd4 Bg7 6. Nxc6 bxc6 7. Bc4 d6 8. Qf3 Nf6 9. e5 dxe5 10. Qxc6+ Bd7 11. Qf3 0-0 12. 0-0 Qc7 13. Qe2 Bc6 14. Re1 Qb7 15. f3 Ne8 16. Ne4 Nd6 17. Bb3 a5 18. a4 Nf5 19. Qf2 Nd4 20. Bc4 Rac8 21. b3 Bd5 22. Bxd5 Qxd5 23. c4 Qb7 24. Rb1 Rxc4 25. bxc4 Qxb1 26. Ba3 Qb7 27. Qd2 Rc8 28. c5 Qb3 29. Qb2 Qxb2 30. Bxb2 f5 31. Ng5 Rxc5 32. Bxd4 exd4 33. Rxe7 Rd5 34. Re8+ Bf8 35. Kf1 h6 36. Ne6 Kf7 37. Rxf8+ Kxe6 38. Ke2 d3+ 39. Kd2 Rd4 40. Ra8 Rxa4 41. Ra6+ Kf7 42. Kxd3 Ra2 43. g3 Rxh2 44. f4 Rg2 45. Ra7+ Ke8 46. Ra8+ Kd7 47. Ra7+ Kc8 48. Rxa5 Rxg3+ 49. Kd4 Kb7 50. Rd5 h5 51. Rc5 Kb6 52. Rc1 h4 53. Rc2 h3 54. Kd5 Rg2 55. Rc3 h2 56. Rh3 Kb5 57. Rb3+ Ka4 58. Rh3 Kb4 59. Kd4 Ra2 60. Rh7 Kb3 61. Rb7+ Ka3 62. Rh7 Kb3 63. Kd3 Rg2 64. Rb7+ Ka2 65. Rh7 Kb1 66. Ke3 Kc1 67. Kf3 Rd2 68. Kg3 Kd1 69. Ra7 h1N+ 70. Kf3 Rd3+ 71. Kg2 Ng3 72. Kf2 Ne4+ 73. Kg2 Ke2 74. Ra6 Rg3+ 0-1